Harmonie, fanfare, batterie-fanfare, brass-band - Statistiques

Statistiques générales
  • Ce quiz a été pris 15 fois
  • Le résultat moyen est 2 sur 71
Statistiques - réponses
HARMONIE % Correct
Batterie
40%
Timbales
40%
Cornets
30%
Claviers
30%
Flûtes
30%
Hautbois (cor anglais)
20%
Bassons
10%
Percussions
10%
Petite harmonie
10%
Cornets en sib
10%
Piccolo
10%
1 bugle solo en sib
0%
1 cornet soprano en mib (équivalent du petit bugle mib)
0%
1 premier cornet en sib dit "ripieno"
0%
1 trombone basse en ut
0%
1 tuba
0%
2 basses en mib (saxhorns contrebasses en mib)
0%
2 basses en sib (saxhorns contrebasses en sib)
0%
2 deuxièmes cornets en sib
0%
2 euphoniums en sib (saxhorns basses en sib)
0%
2 percussionnistes et 1 timbalier
0%
2 saxhorns barytons en sib
0%
2 troisièmes cornets en sib
0%
2 trombones en sib
0%
3 cors en mib
0%
4 cors en fa
0%
4 premiers cornets en sib
0%
4 trombones
0%
4 trompettes en sib ou en ut
0%
Groupe des clarinettes
0%
Groupe des cuivres clairs
0%
Groupe des cuivres clairs
0%
Groupe des saxhorns
0%
Groupe des saxhorns (cuivres doux)
0%
Groupe des saxophones
0%
Groupe des saxophones
0%
Instruments additionnels
0%
Instruments solistes aigus (mélodiques)
0%
Percussions : 3 à 5 exécutants
0%
Pouvant s'inclure dans les solos mélodiques ou pour les accompagnements :
0%
Bugles en sib (généralement en "à défaut")
0%
Bugle solo en sib
0%
Clairons basses en sib
0%
Clairons en sib
0%
Clarinette basse en sib
0%
Clarinette solo en sib
0%
Contrebasse à cordes
0%
Deuxièmes clarinettes en sib
0%
Harpe
0%
Parfois une ou deux contrebasse(s) à cordes
0%
Souvent plusieurs tambours de batterie ou tambours militaires
0%
Petite clarinette en mib
0%
Petits bugles en mib
0%
Premières clarinettes en sib
0%
Premiers, deuxièmes et troisièmes bugles en sib
0%
Saxhorns altos en mib
0%
Saxhorns barytons en sib
0%
Saxhorns barytons en sib (généralement en "à défaut")
0%
Saxhorns basses en sib
0%
Saxhorns basses en sib
0%
Saxhorns contrebasses en sib et mib
0%
Saxhorns contrebasses en sib ou mib
0%
Saxophone basse en sib
0%
Saxophones altos en mib
0%
Saxophones barytons en mib
0%
Saxophone soprano en sib
0%
Saxophones ténors en sib
0%
Troisièmes clarinettes en sib
0%
Trompes en mib (appelées aussi cors ou trompes de chasse)
0%
Trompettes basses de cavalerie en mib
0%
Trompettes de cavalerie en mib
0%
Aucun quiz correspondant
Distribution des résultats
% des personnes avec chaque résultat
Percentile par nombre de réponses
Votre historique - résultats
Vous n’avez pas pris ce quiz